000 00569nam a2200229Ia 4500
003 OSt
005 20221005123509.0
006 a|||||r|||| 00| 0
007 ta
008 221004b |||||||| |||| 00| 0 eng d
024 _a59580
037 _cTextual
040 _aCRL
_cCRL
_beng
041 _2eng
_aeng
082 _aV2:25xM89w, H61
100 _aBright Jagat S
_9102482
245 0 _aLife of Jawaharlal Nehru
260 _c1946
650 _aHISTORY
942 _hV2:25xM89w, H61
_cTEXL
_2cc
999 _c1047602
_d1047602